000 00949cam a22002653a 4500
001 31805
003 PGUSA
005 20140828083704.0
008 100328s2010||||xxu|||||s|||||000 1 eng d
040 _aPGUSA
_beng
042 _adc
050 4 _aPQ
100 1 _aMosneron de Launay, Jean-Baptiste, baron,
_d1738-1830
245 1 0 _aLe Vallon Aérien :
_bOu, Relation du voyage d'un aéronaute dans un pays inconnu jusqu'à présent; suivie de l'histoire de ses habitans et de la description de leurs moeurs
_h[electronic resource] /
_cJean-Baptiste, baron Mosneron de Launay
260 _bProject Gutenberg,
_c2010
506 _aPublic domain in the USA.
516 _aElectronic text
653 _aUtopias -- Fiction
653 _aVoyages and travels -- Fiction
653 _aBalloons -- Fiction
653 _aHuguenots -- Fiction
830 0 _aProject Gutenberg
_v31805
856 4 0 _uhttp://www.gutenberg.org/ebooks/31805
942 _cEB
999 _c261060
_d261060